[Event "Titled Tuesday intern op 16th Apr Early"]
[Site "Chess.com INT"]
[Date "2024.04.16"]
[Round "8"]
[White "Panda, Sambit"]
[Black "Grahn, Vidar"]
[Result "1/2-1/2"]
[WhiteElo "2378"]
[BlackElo "2247"]
[PlyCount "108"]
[EventDate "2024.04.16"]
[EventType "swiss (blitz)"]
[EventRounds "11"]
[EventCountry "USA"]
[SourceTitle "CB17_2024"]
[SourceDate "2024.04.24"]
[SourceVersion "1"]
[SourceVersionDate "2024.04.24"]
[SourceQuality "1"]

1. Nf3 c5 2. b3 Nc6 3. Bb2 d6 4. e3 e5 5. Nc3 g6 6. Bc4 Bg7 7. Nd5 Nge7 8. e4 0-0 9. h3 a6 10. a4 Rb8 11. Nxe7+ Qxe7 12. 0-0 b5 13. Bd5 Nb4 14. axb5 axb5 15. c4 Nxd5 16. cxd5 f5 17. d3 h6 18. b4 c4 19. Re1 cxd3 20. Qxd3 fxe4 21. Qxe4 Bf5 22. Qe3 Qf7 23. Nd2 Qxd5 24. Ra7 Rf7 25. Rea1 Rbf8 26. f3 Qd3 27. Qxd3 Bxd3 28. R7a6 d5 29. Rd6 d4 30. Ra3 Bf5 31. g4 Bc2 32. Rc6 d3 33. Rxg6 Rf6 34. Rxf6 Bxf6 35. Ne4 Be7 36. Bc3 Rxf3 37. Ra7 Re3 38. Nc5 Bxc5 39. bxc5 Re4 40. c6 Rc4 41. Bxe5 Rxc6 42. Rg7+ Kf8 43. Rd7 Re6 44. Bc3 Ke8 45. Rd5 Rc6 46. Bd2 Rb6 47. Bb4 Kf7 48. Kf2 Ke6 49. Rd4 Ke5 50. Ke3 Ke6 51. Re4+ Kd5 52. Rd4+ Ke6 53. Re4+ Kd5 54. Rd4+ Ke6 1/2-1/2

[Event "Fagernes op"]
[Site "Fagernes"]
[Date "2024.03.31"]
[Round "9"]
[White "Panda, Sambit"]
[Black "Vagman, Roy"]
[Result "1-0"]
[WhiteElo "2377"]
[BlackElo "2311"]
[PlyCount "87"]
[EventDate "2024.03.24"]
[EventType "swiss"]
[EventRounds "9"]
[EventCountry "NOR"]
[SourceTitle "CB14_2024"]
[SourceDate "2024.04.01"]
[SourceVersion "1"]
[SourceVersionDate "2024.04.01"]
[SourceQuality "1"]

1. d4 d5 2. c4 e6 3. Nf3 Nf6 4. Nc3 dxc4 5. e4 b5 6. e5 Nd5 7. Nxb5 Nb6 8. Be2 Nc6 9. Be3 Be7 10. a3 Bb7 11. Qc2 Na5 12. Nc3 Qd7 13. Rd1 f5 14. exf6 gxf6 15. 0-0 Rg8 16. g3 0-0-0 17. Nd2 f5 18. Bf3 Bd6 19. Ne2 Bxf3 20. Nxf3 Qa4 21. Qxa4 Nxa4 22. Rd2 Kd7 23. Ne5+ Bxe5 24. dxe5+ Kc8 25. Rc2 Rd5 26. f4 Rgd8 27. Kf2 Rb5 28. Nd4 Rxb2 29. Rxb2 Nxb2 30. Nxe6 Rd3 31. Ke2 Nb3 32. g4 c3 33. gxf5 Rxe3+ 34. Kxe3 c2 35. Ke2 Kd7 36. Nf8+ Ke8 37. Nxh7 c5 38. f6 Nd4+ 39. Kd2 Nc4+ 40. Kc1 Ne3 41. e6 Ne2+ 42. Kb2 Nc4+ 43. Kxc2 Nd4+ 44. Kc3 1-0

[Event "Fagernes op"]
[Site "Fagernes"]
[Date "2024.03.27"]
[Round "5"]
[White "Panda, Sambit"]
[Black "Blomqvist, Erik"]
[Result "0-1"]
[WhiteElo "2377"]
[BlackElo "2511"]
[PlyCount "102"]
[EventDate "2024.03.24"]
[EventType "swiss"]
[EventRounds "9"]
[EventCountry "NOR"]
[SourceTitle "CB14_2024"]
[SourceDate "2024.04.01"]
[SourceVersion "1"]
[SourceVersionDate "2024.04.01"]
[SourceQuality "1"]

1. d4 Nf6 2. c4 e6 3. Nf3 d5 4. Nc3 Bb4 5. cxd5 exd5 6. Bf4 0-0 7. e3 c5 8. Bd3 Nc6 9. 0-0 cxd4 10. Nxd4 h6 11. Rc1 Bd6 12. Bxd6 Qxd6 13. Ncb5 Qe5 14. h3 Bd7 15. Nxc6 Bxc6 16. Nd4 Bd7 17. Qf3 Rac8 18. Qf4 Qxf4 19. exf4 Rfe8 20. g4 Kf8 21. Rxc8 Rxc8 22. Re1 Ne4 23. f5 Nc5 24. Bc2 a5 25. f3 Na6 26. a3 Rc4 27. Rd1 Ke7 28. Kf2 Kd6 29. Bb3 Rc5 30. Rd2 Nc7 31. Ne2 Ke5 32. f4+ Kf6 33. Ng3 Ke7 34. Ke3 Bc6 35. Ne2 Nb5 36. a4 Nd6 37. Nc3 Nc4+ 38. Bxc4 Rxc4 39. Nxd5+ Kf8 40. b3 Rc5 41. Nb6 Rc1 42. Kd4 Rf1 43. Nc4 Rxf4+ 44. Kc5 h5 45. Nxa5 Bh1 46. Rd4 b6+ 47. Kc4 Rxd4+ 48. Kxd4 bxa5 49. gxh5 Ke7 50. Kc5 Kf6 51. Kb5 Bd5 0-1

[Event "Fagernes op"]
[Site "Fagernes"]
[Date "2024.03.25"]
[Round "2"]
[White "Urkedal, Frode Olav Olsen"]
[Black "Panda, Sambit"]
[Result "1/2-1/2"]
[WhiteElo "2536"]
[BlackElo "2377"]
[PlyCount "94"]
[EventDate "2024.03.24"]
[EventType "swiss"]
[EventRounds "9"]
[EventCountry "NOR"]
[SourceTitle "CB14_2024"]
[SourceDate "2024.04.01"]
[SourceVersion "1"]
[SourceVersionDate "2024.04.01"]
[SourceQuality "1"]

1. d4 d5 2. c4 e6 3. Nc3 Nf6 4. cxd5 exd5 5. Bg5 c6 6. e3 h6 7. Bh4 Be7 8. Bd3 0-0 9. Nge2 Nbd7 10. 0-0 Re8 11. a4 Nh5 12. Bxe7 Qxe7 13. a5 Nf8 14. Qc2 Bg4 15. h3 Bxe2 16. Nxe2 Rac8 17. Rab1 a6 18. b4 Nf6 19. Rfe1 Ne4 20. f3 Nd6 21. Ng3 g6 22. Qf2 Ne6 23. Nf1 Qf6 24. Nd2 Rc7 25. Nb3 Rce7 26. Rbc1 Nf5 27. Re2 h5 28. Rce1 h4 29. Bxf5 gxf5 30. f4 Ng7 31. Nd2 Nh5 32. Nf3 Ng3 33. Rc2 Kh8 34. Kh2 Rg8 35. Rec1 Qh6 36. b5 cxb5 37. Rc7 Qd6 38. Rc8 Ree8 39. Rxe8 Rxe8 40. Nxh4 Rg8 41. Nf3 f6 42. Nh4 Qd7 43. Qe1 Ne4 44. Rc2 Nd6 45. Rc5 Ne4 46. Rc2 Nd6 47. Rc5 Ne4 1/2-1/2

[Event "Titled Tuesday intern op 06th Feb Early"]
[Site "Chess.com INT"]
[Date "2024.02.06"]
[Round "10"]
[White "Grochal, Joey"]
[Black "Panda, Sambit"]
[Result "0-1"]
[WhiteElo "2255"]
[BlackElo "2377"]
[PlyCount "38"]
[EventDate "2024.02.06"]
[EventType "swiss (blitz)"]
[EventRounds "11"]
[EventCountry "USA"]
[SourceTitle "CB07_2024"]
[SourceDate "2024.02.14"]
[SourceVersion "1"]
[SourceVersionDate "2024.02.14"]
[SourceQuality "1"]

1. e4 c6 2. d4 d5 3. e5 f6 4. Bd3 Nh6 5. Bxh6 gxh6 6. Qh5+ Kd7 7. Nc3 Kc7 8. 0-0-0 Rg8 9. Qh4 fxe5 10. dxe5 Rg4 11. Qh3 Bg7 12. Nf3 Be6 13. Nd4 Rxd4 14. Qxe6 Nd7 15. Rhe1 Qf8 16. Bf5 Nc5 17. Rxd4 Nxe6 18. Bxe6 Qxf2 19. Red1 Bxe5 0-1

[Event "Titled Tuesday intern op 06th Feb Early"]
[Site "Chess.com INT"]
[Date "2024.02.06"]
[Round "8"]
[White "Panda, Sambit"]
[Black "Truskavetsky, Alexandr"]
[Result "0-1"]
[WhiteElo "2377"]
[BlackElo "2348"]
[PlyCount "162"]
[EventDate "2024.02.06"]
[EventType "swiss (blitz)"]
[EventRounds "11"]
[EventCountry "USA"]
[SourceTitle "CB07_2024"]
[SourceDate "2024.02.14"]
[SourceVersion "1"]
[SourceVersionDate "2024.02.14"]
[SourceQuality "1"]

1. d4 Nf6 2. Nf3 e6 3. Bf4 b5 4. e3 a6 5. a4 b4 6. Bd3 Bb7 7. 0-0 d6 8. Nbd2 Nbd7 9. c3 Qe7 10. e4 e5 11. Bg3 c5 12. cxb4 cxd4 13. Nc4 g6 14. Nfd2 Bg7 15. Na5 Nb6 16. Nxb7 Qxb7 17. a5 Nc8 18. Qa4+ Ke7 19. f4 Nh5 20. Bh4+ f6 21. fxe5 dxe5 22. b5 Nf4 23. Qa3+ Ke8 24. bxa6 Qe7 25. Bb5+ Kd8 26. Qb3 Rb8 27. Rxf4 exf4 28. Qd5+ Qd6 29. a7 Rxb5 30. Qxb5 Nxa7 31. Qb7 Qd7 32. Qb6+ Ke7 33. e5 Nc6 34. Re1 Rb8 35. exf6+ Kf7 36. Qc5 Bxf6 37. Bxf6 Kxf6 38. Ne4+ Kg7 39. Ng5 Re8 40. Rxe8 Qxe8 41. h3 d3 42. Qc3+ Kh6 43. Nf3 Qe3+ 44. Kh2 d2 45. Qxd2 Qxd2 46. Nxd2 Nxa5 47. b4 Nb7 48. b5 Kg5 49. g3 Kf5 50. gxf4 Kxf4 51. Kg2 g5 52. Nf3 h5 53. Nd4 Ke4 54. Ne6 Kf5 55. Nd4+ Ke5 56. Nf3+ Kf4 57. Nd4 Nc5 58. b6 Nb7 59. Ne6+ Kf5 60. Nd4+ Ke5 61. Nf3+ Kf4 62. Nd4 Ke5 63. Nf3+ Kf6 64. Kg3 Nd6 65. Nd4 Ke5 66. Nf3+ Kf5 67. Nd4+ Ke4 68. Nf3 Kf5 69. Nd4+ Kf6 70. Nf3 Nb7 71. Kf2 Nd6 72. Ke2 Kf5 73. Kd3 Kf4 74. Nxg5 Kxg5 75. Kd4 Nb7 76. Kd5 Kh4 77. Kc6 Nd8+ 78. Kc7 Ne6+ 79. Kd6 Nd4 80. b7 Kxh3 81. b8Q Nf5+ 0-1

[Event "Bhubaneswar SOA op 1st"]
[Site "Bhubaneswar"]
[Date "2024.02.01"]
[Round "7"]
[White "Sammed Jaykumar, Shete"]
[Black "Panda, Sambit"]
[Result "0-1"]
[WhiteElo "2441"]
[BlackElo "2404"]
[PlyCount "80"]
[EventDate "2024.01.28"]
[EventType "swiss"]
[EventRounds "10"]
[EventCountry "IND"]
[SourceTitle "CB06_2024"]
[SourceDate "2024.02.07"]
[SourceVersion "1"]
[SourceVersionDate "2024.02.07"]
[SourceQuality "1"]

1. e4 c6 2. d4 d5 3. e5 Bf5 4. Nf3 e6 5. Be2 c5 6. c3 Nc6 7. 0-0 Bg6 8. a3 Be7 9. dxc5 Bxc5 10. b4 Bb6 11. Bb2 Nh6 12. c4 0-0 13. c5 Bc7 14. b5 Nb8 15. Nbd2 Nd7 16. c6 bxc6 17. bxc6 Nc5 18. Bd4 Ne4 19. Ba6 Nf5 20. Bb7 Bh5 21. Qa4 Nxd2 22. Nxd2 Qh4 23. Bxa8 Nxd4 24. Kh1 Bxe5 25. g3 Qe4+ 26. f3 Qe2 27. Qd1 Qxd1 28. Raxd1 Rxa8 29. g4 Bg6 30. f4 Bd6 31. f5 exf5 32. Nb1 fxg4 33. Rxd4 Be4+ 34. Rxe4 dxe4 35. Rd1 Be5 36. Rd5 f6 37. Kg2 Rc8 38. Rc5 Kf7 39. Nd2 e3 40. Nc4 Bd4 0-1

[Event "Titled Tuesday intern op 16th Jan Early"]
[Site "Chess.com INT"]
[Date "2024.01.16"]
[Round "3"]
[White "Panda, Sambit"]
[Black "Subramanian, Anusha"]
[Result "1-0"]
[WhiteElo "2404"]
[BlackElo "2013"]
[PlyCount "41"]
[EventDate "2024.01.16"]
[EventType "swiss (blitz)"]
[EventRounds "11"]
[EventCountry "USA"]
[SourceTitle "CB04_2024"]
[SourceDate "2023.10.16"]
[SourceVersion "1"]
[SourceVersionDate "2023.10.16"]
[SourceQuality "1"]

1. d4 Nf6 2. Nf3 d5 3. Bf4 c5 4. e3 e6 5. Nbd2 Nc6 6. c3 Bd6 7. Bg3 0-0 8. Bd3 a6 9. Qe2 b5 10. Rd1 c4 11. Bb1 b4 12. e4 bxc3 13. bxc3 Be7 14. e5 Nd7 15. h4 Qa5 16. Bxh7+ Kxh7 17. Ng5+ Bxg5 18. hxg5+ Kg8 19. Qh5 f5 20. g6 Qxc3 21. Qh7# 1-0

[Event "Titled Tuesday intern op 16th Jan Early"]
[Site "Chess.com INT"]
[Date "2024.01.16"]
[Round "2"]
[White "Szczepanek, Radoslaw"]
[Black "Panda, Sambit"]
[Result "0-1"]
[WhiteElo "2205"]
[BlackElo "2404"]
[PlyCount "73"]
[EventDate "2024.01.16"]
[EventType "swiss (blitz)"]
[EventRounds "11"]
[EventCountry "USA"]
[SourceTitle "CB04_2024"]
[SourceDate "2023.10.16"]
[SourceVersion "1"]
[SourceVersionDate "2023.10.16"]
[SourceQuality "1"]

1. e4 c6 2. d4 d5 3. f3 e6 4. Nc3 Bb4 5. a3 Bxc3+ 6. bxc3 Nf6 7. e5 Nfd7 8. f4 b6 9. Nf3 Ba6 10. Bd3 c5 11. 0-0 Bxd3 12. Qxd3 Nc6 13. f5 c4 14. Qe2 exf5 15. Nh4 Qxh4 16. e6 Nf6 17. exf7+ Kxf7 18. Rxf5 Rhe8 19. Be3 Qe4 20. Qh5+ Kg8 21. Rxf6 gxf6 22. Bh6 Qg6 23. Qh4 Re2 24. g3 Rae8 25. Rf1 R8e6 26. Qf4 R2e4 27. Qc1 f5 28. Bf4 Nd8 29. Qb1 Nf7 30. Qb5 Ng5 31. Qd7 Nh3+ 32. Kh1 Nxf4 33. gxf4 Re1 34. Qd8+ Kg7 35. Qd7+ Re7 36. Rxe1 Rxd7 37. Rg1 0-1

[Event "Titled Tuesday intern op 09th Jan Early"]
[Site "Chess.com INT"]
[Date "2024.01.09"]
[Round "1"]
[White "Golubovic, Erik"]
[Black "Panda, Sambit"]
[Result "1-0"]
[WhiteElo "2025"]
[BlackElo "2404"]
[PlyCount "99"]
[EventDate "2024.01.09"]
[EventType "swiss (blitz)"]
[EventRounds "11"]
[EventCountry "USA"]
[SourceTitle "CB03_2024"]
[SourceDate "2024.01.17"]
[SourceVersion "1"]
[SourceVersionDate "2024.01.17"]
[SourceQuality "1"]

1. d4 d5 2. c4 e6 3. Nf3 Nf6 4. g3 Bb4+ 5. Bd2 Be7 6. Bg2 0-0 7. 0-0 c6 8. Qb3 b6 9. cxd5 cxd5 10. Bb4 Ba6 11. Nc3 Nc6 12. Bxe7 Qxe7 13. Rfc1 Na5 14. Qd1 Rac8 15. Ne5 Nc4 16. Nxc4 Rxc4 17. e3 Qb7 18. Bf1 Rc7 19. Bxa6 Qxa6 20. Qe2 Qb7 21. Nb5 Rxc1+ 22. Rxc1 a6 23. Nc3 b5 24. a3 Rc8 25. Na2 Rc4 26. b3 Rxc1+ 27. Nxc1 Qc6 28. Qb2 Nd7 29. Nd3 Kf8 30. Kg2 Ke7 31. Qd2 f6 32. Qa5 Qd6 33. Nb4 Nb8 34. a4 Nc6 35. Nxc6+ Qxc6 36. axb5 axb5 37. Qa7+ Qd7 38. Qb6 Kf7 39. h4 e5 40. Qc5 h5 41. Qb6 e4 42. Qc5 Kg6 43. Qb6 Kf5 44. Qc5 Kg4 45. b4 Qf5 46. Qxb5 Qf3+ 47. Kg1 Qd1+ 48. Qf1 Qb3 49. Qe2+ Kh3 50. Qf1+ 1-0

[Event "Titled Tuesday intern op 09th Jan Early"]
[Site "Chess.com INT"]
[Date "2024.01.09"]
[Round "4"]
[White "Panda, Sambit"]
[Black "Parra Gomez, Adrian"]
[Result "0-1"]
[WhiteElo "2404"]
[BlackElo "2208"]
[PlyCount "50"]
[EventDate "2024.01.09"]
[EventType "swiss (blitz)"]
[EventRounds "11"]
[EventCountry "USA"]
[SourceTitle "CB03_2024"]
[SourceDate "2024.01.17"]
[SourceVersion "1"]
[SourceVersionDate "2024.01.17"]
[SourceQuality "1"]

1. d4 d5 2. c4 e6 3. Nc3 Nf6 4. Nf3 c5 5. cxd5 Nxd5 6. e3 cxd4 7. exd4 Nxc3 8. bxc3 Qc7 9. Bd2 Nd7 10. Bd3 Bd6 11. 0-0 b6 12. c4 Bb7 13. Qe2 0-0 14. h3 Rfd8 15. Rac1 Bf4 16. Bc3 Bxc1 17. Rxc1 h6 18. d5 exd5 19. Nh4 Qf4 20. Re1 Qxh4 21. cxd5 Bxd5 22. Bb1 Nf8 23. Ba1 Qg5 24. f3 Be6 25. Qb2 Rd2 0-1

[Event "Qatar Masters op"]
[Site "Doha"]
[Date "2023.10.15"]
[Round "5"]
[White "Rasulov, Vugar Ural Oglu"]
[Black "Panda, Sambit"]
[Result "0-1"]
[WhiteElo "2560"]
[BlackElo "2395"]
[PlyCount "106"]
[EventDate "2023.10.11"]
[EventType "swiss"]
[EventRounds "9"]
[EventCountry "QAT"]
[SourceTitle "Mega2024 Update 01"]
[Source "Chessbase"]
[SourceDate "2023.11.12"]
[SourceVersion "1"]
[SourceVersionDate "2023.11.12"]
[SourceQuality "1"]

1. d4 d5 2. Nf3 Nf6 3. c3 e6 4. Bf4 Bd6 5. e3 c5 6. Bd3 0-0 7. Nbd2 b6 8. Ne5 Qc7 9. Bg3 Bb7 10. 0-0 Nc6 11. f4 Ne7 12. Qf3 Nf5 13. Bf2 Be7 14. Qh3 Ne4 15. Rad1 f6 16. Ng4 c4 17. Bc2 b5 18. Be1 Nfd6 19. Nf2 Qd7 20. Ndxe4 dxe4 21. g4 Bd5 22. Kh1 g6 23. Rg1 f5 24. Bd2 Rf7 25. Rg3 Kh8 26. gxf5 gxf5 27. Rdg1 Bf6 28. Rg6 Raf8 29. Rh6 Rg7 30. Rg3 Ne8 31. Bd1 Bd8 32. Qg2 Nf6 33. Nh3 Rxg3 34. hxg3 Qg7 35. Rh4 Ng4 36. Ng5 Bxg5 37. fxg5 Qxg5 38. Qf1 Nxe3 39. Qh3 Rf7 40. Be2 Rg7 41. Rh5 Qxg3 42. Bxe3 e5 43. Bf1 Qxh3+ 44. Bxh3 Rg3 45. Bg1 e3+ 46. Kh2 e2 47. Bf2 Rf3 48. Kg1 e4 49. Bg2 Rd3 50. Rxf5 Rd1+ 51. Kh2 Rf1 52. Kg3 e3 53. Re5 Rxf2 0-1

[Event "Titled Tuesday intern op 26th Sep Early"]
[Site "Chess.com INT"]
[Date "2023.09.26"]
[Round "6"]
[White "Mikhaylova, Irina"]
[Black "Panda, Sambit"]
[Result "0-1"]
[WhiteElo "2216"]
[BlackElo "2395"]
[PlyCount "158"]
[EventDate "2023.09.26"]
[EventType "swiss (blitz)"]
[EventRounds "11"]
[EventCountry "USA"]
[SourceTitle "EXT 2024"]
[Source "ChessBase"]
[SourceDate "2023.10.10"]
[SourceVersion "1"]
[SourceVersionDate "2023.10.10"]
[SourceQuality "1"]

1. d4 d5 2. c4 e6 3. Nc3 a6 4. cxd5 exd5 5. Bf4 Nf6 6. e3 c5 7. dxc5 Bxc5 8. Nf3 Nc6 9. Rc1 0-0 10. Be2 Be6 11. 0-0 d4 12. exd4 Nxd4 13. Nxd4 Bxd4 14. Bf3 Ra7 15. a3 b5 16. Ne4 Nxe4 17. Bxe4 Bxb2 18. Rc2 Qxd1 19. Rxd1 Bxa3 20. Be3 Rd7 21. Ra1 Be7 22. h3 b4 23. Rxa6 b3 24. Rb2 Bf6 25. Rxe6 Bxb2 26. Rb6 Bd4 27. Rxb3 Bxe3 28. Rxe3 g6 29. Bf3 Kg7 30. g3 Rc8 31. Re2 Rc1+ 32. Kg2 Rcd1 33. h4 h5 34. Ra2 R1d2 35. Rxd2 Rxd2 36. Be4 Kf6 37. Bc6 Ke5 38. Be8 Ke6 39. Bb5 Rb2 40. Bc4+ Kf6 41. Bd5 Rd2 42. Bc4 Rd7 43. Bb5 Rc7 44. Bd3 Ke5 45. Be2 Kd4 46. Bf3 Kd3 47. Bd5 Rd7 48. Bc6 Rd6 49. Be8 Rf6 50. Bb5+ Kd2 51. Kf1 Re6 52. Bc4 Re1+ 53. Kg2 Re7 54. Kf1 f6 55. Bb5 Re5 56. Ba4 Re1+ 57. Kg2 Re4 58. Bc6 Re5 59. Kf1 Re6 60. Bd5 Re7 61. Bc4 Kc3 62. Bd5 Kd3 63. Bc6 f5 64. Bb5+ Kd2 65. Bc6 Re1+ 66. Kg2 Re5 67. Kf1 Re6 68. Bd5 Rb6 69. Ba2 Rf6 70. Bb3 f4 71. Kg2 f3+ 72. Kg1 Ke1 73. Bd5 Rf8 74. Be4 Ke2 75. Bc6 Rb8 76. Bb5+ Rxb5 77. g4 hxg4 78. Kh2 Kxf2 79. h5 Rxh5# 0-1